Bilancia plodín v SR za 1.-4. štvrťrok 2000
Guardado en:
| Formato: | Libro |
|---|---|
| Lenguaje: | eslovaco |
| Publicado: |
Bratislava
Štatistický úrad Slovenskej republiky
2000
|
| Etiquetas: |
Sin Etiquetas, Sea el primero en etiquetar este registro!
|
MARC
| LEADER | 00000nam a2200000 4500 | ||
|---|---|---|---|
| 001 | c123904 | ||
| 005 | 20240422091209.1 | ||
| 041 | 0 | |a slo | |
| 044 | |a SK | ||
| 245 | 1 | 0 | |a Bilancia plodín v SR za 1.-4. štvrťrok 2000 |
| 264 | 1 | |a Bratislava |b Štatistický úrad Slovenskej republiky |c 2000 | |
| 300 | |a 23 s. | ||